000 00423nam a2200157Ia 4500
003 SGT
020 _a9780070994096
082 _a671.52
_bLIT
100 _aLittle,Richard L
245 _aWelding and welding technology
260 _bTata McGraw Hill Education Private Limited
_aNew Delhi
_c1976
300 _a435p.
650 _aMECHANICAL ENGINEERING
653 _aGAS WELDING,SHIELO ARC WELDING, METALS
942 _2ddc
_cBK
999 _c5168
_d5168